The Way of All Flesh (Record no. 335128)
[ view plain ]
| 000 -LEADER | |
|---|---|
| fixed length control field | 00530nam a2200097Ia 4500 |
| 008 - FIXED-LENGTH DATA ELEMENTS--GENERAL INFORMATION | |
| fixed length control field | 170517s9999 xx 000 0 und d |
| 245 #4 - TITLE STATEMENT | |
| Title | The Way of All Flesh |
| 300 ## - PHYSICAL DESCRIPTION | |
| Extent | In 1951, a woman died in Baltimore, America. She was called Henrietta Lacks. These are cells from her body. They were taken from her just before she died. They have been growing and multiplying ever since. There are now billions of these cells in laboratories around... |
| 650 ## - SUBJECT ADDED ENTRY--TOPICAL TERM | |
| General subdivision | Technology. |
| 856 ## - ELECTRONIC LOCATION AND ACCESS | |
| Uniform Resource Identifier | <a href="http://topdocumentaryfilms.com/the-way-of-all-flesh/">http://topdocumentaryfilms.com/the-way-of-all-flesh/</a> |
| Withdrawn status | Lost status | Damaged status | Home library | Current library | Date acquired | Total Checkouts | Date last seen | Price effective from | Koha item type |
|---|---|---|---|---|---|---|---|---|---|
| College Library | College Library | 05/17/2017 | 05/17/2017 | 05/17/2017 | Documentary Films |